| 000 | 01246nam a2200277Ia 4500 | ||
|---|---|---|---|
| 001 | Z_4707 | ||
| 008 | 220601s9999 xx 000 0 und d | ||
| 020 | _a9-18-5299-0 | ||
| 082 | _a636.085 C48 2004 | ||
| 100 |
_aChurch, D. C. _922991 |
||
| 245 | _aFundamentos de nutrición y alimentación de animales / D. C. Church, W. G. Pond, K. R. Pond; traducción Luis Jorge Pérez Calderon; Revición José Luis Laparra Vega | ||
| 250 | _a2a ed. | ||
| 260 | _aMéxico : Limusa | ||
| 300 | _a635 p. | ||
| 500 | _aTraducida de la obra en inglés: Basic animal nutrition and feeding 2th ed. de 1982.La biblioteca cuenta con la actualización del 2002 y 2004 de Mario Alberto Hernández Cuapio y Ana Luisa Weckmann González | ||
| 503 | _aej.1: C/E \ ej.2: C/E \ ej.3: C/E \ ej.4: C/E \ ej.5: C/E \ ej.6: C/E \ ej.7 : C/E | ||
| 504 | _aIncluye bibliografía | ||
| 650 | _a1. Nutrición animal | ||
| 650 |
_aAlimentos y alimentación del ganado _94326 |
||
| 700 |
_aPond, W. G., coaut. \ Pond, K. R., coaut. \ Pérez Calderon, Luis Jorge, tr. \ Laparra Vega, José Luis, rev.Ì _9177283 |
||
| 901 | _a636.085 C48 2004 | ||
| 902 | _aM | ||
| 905 | _a3232222004 2002 mx dni 8211113311spa16 | ||
| 942 | _c1 | ||
| 999 |
_c216838 _d216838 |
||